000 00600nam a2200205Ia 4500
003 GCL
008 140319s9999 xx 000 0 ara d
040 _aGCL /
_cGCL
082 0 4 _aط
_b813.02
_bح ا
100 1 _aعلاء التركى
245 1 0 _aالعصافير والادخار /
_cعلاء التركى
700 1 _aحنفى مصطفى حنفى
260 _a[S.N] :
_bدار الفكر العربى
300 _a\16
490 _aسلسلة احلام العصافير
_v0
650 0 4 _aالاطفال
650 0 4 _aالقصص
650 0 4 _aقصص الاطفال
942 _2ddc
_cBK
999 _c58254
_d58254